| 000 | 00645nam a2200193Ia 4500 | ||
|---|---|---|---|
| 999 |
_c7142 _d7142 |
||
| 020 | _a9788173048388 | ||
| 082 | _a303.40954504 SOC- | ||
| 245 | 0 | _aSocial transformation in North-Western India during the twentieth century | |
| 260 |
_aNew Delhi _bManohar Publishers _c2010 |
||
| 300 | _a528 | ||
| 504 | _aincludes index | ||
| 650 |
_aSocial change _zIndia, North west _z20th century |
||
| 650 |
_aIndia, North west _vSocial conditions |
||
| 650 |
_aIndia, North west _vEconomic conditions _z20th century |
||
| 650 |
_aIndia, North west _vHistory _z20th century |
||
| 700 | _aSingh, Chetan | ||
| 710 | _aInstitute of Punjab Studies | ||
| 942 | _cBK | ||